Особенности параметров нефтеносности в разрезе месторождения Минерального (Чеченская республика); Проблемы геологии и освоения недр; Т. 1

Dades bibliogràfiques
Parent link:Проблемы геологии и освоения недр: труды XXI Международного симпозиума имени академика М. А. Усова студентов и молодых ученых, посвященного 130-летию со дня рождения профессора М. И. Кучина, Томск, 3-7 апреля 2017 г./ Национальный исследовательский Томский политехнический университет (ТПУ), Институт природных ресурсов (ИПР) ; под ред. А. С. Боева.— , 2017
Т. 1.— 2017.— [С. 149-150]
Autor principal: Доценко А. В.
Autor corporatiu: Южно-Российский государственный политехнический университет (Новочеркасский политехнический институт) (ЮРГПУ (НПИ))
Altres autors: Бутенков А. А. (научный руководитель)
Sumari:Заглавие с экрана
Idioma:rus
Publicat: 2017
Col·lecció:Месторождения полезных ископаемых. Методика поисков и разведки месторождений полезных ископаемых. Геоинформационные системы в геологии
Matèries:
Accés en línia:http://earchive.tpu.ru/handle/11683/44416
Format: MixedMaterials Electrònic Capítol de llibre
KOHA link:https://koha.lib.tpu.ru/cgi-bin/koha/opac-detail.pl?biblionumber=624487

MARC

LEADER 00000naa2a2200000 4500
001 624487
005 20231101133321.0
035 |a (RuTPU)RU\TPU\conf\23747 
035 |a RU\TPU\conf\23745 
090 |a 624487 
100 |a 20171123d2017 k y0rusy50 ca 
101 0 |a rus 
102 |a RU 
105 |a y z 100zy 
135 |a drgn ---uucaa 
181 0 |a i  
182 0 |a b 
200 1 |a Особенности параметров нефтеносности в разрезе месторождения Минерального (Чеченская республика)  |f А. В. Доценко  |g науч. рук. А. А. Бутенков 
203 |a Текст  |c электронный 
225 1 |a Месторождения полезных ископаемых. Методика поисков и разведки месторождений полезных ископаемых. Геоинформационные системы в геологии 
230 |a 1 компьютерный файл (pdf; 391 Kb) 
300 |a Заглавие с экрана 
320 |a [Библиогр.: с. 150 (5 назв.] 
461 1 |0 (RuTPU)RU\TPU\conf\21932  |t Проблемы геологии и освоения недр  |o труды XXI Международного симпозиума имени академика М. А. Усова студентов и молодых ученых, посвященного 130-летию со дня рождения профессора М. И. Кучина, Томск, 3-7 апреля 2017 г.  |o в 2 т.  |f Национальный исследовательский Томский политехнический университет (ТПУ), Институт природных ресурсов (ИПР) ; под ред. А. С. Боева  |d 2017 
463 1 |0 (RuTPU)RU\TPU\conf\21936  |t Т. 1  |v [С. 149-150]  |d 2017 
610 1 |a электронный ресурс 
610 1 |a нефтеносность 
610 1 |a нефтеносные месторождения 
610 1 |a Чеченская республика 
610 1 |a параметры 
610 1 |a газы 
700 1 |a Доценко  |b А. В. 
702 1 |a Бутенков  |b А. А.  |4 727 
712 0 2 |a Южно-Российский государственный политехнический университет (Новочеркасский политехнический институт) (ЮРГПУ (НПИ))  |c (2013-)  |c (Новочеркасск)  |2 stltpush  |3 (RuTPU)RU\TPU\col\23278 
801 2 |a RU  |b 63413507  |c 20171201  |g RCR 
856 4 |u http://earchive.tpu.ru/handle/11683/44416 
942 |c BK